000 00765nam a2200277Ia 4500
001 Para_3696
003 CHAP
008 220125s1902 xx 000 0 und d
010 _a199614
040 _cCHAP
082 _aPA-C 632.951 S67
100 _aLodeman, E. G
_967421
245 _aHistoria de las emulsiones del jabón con petròleo /
_c E. G. Lodeman
260 _a[s.l. :
_b s.e.]
300 _a3 h.
500 _aEncuadernado con otros impresos similares
650 _aDDT (insecticida)
_931376
650 _aPetróleo como insecticida
_987681
901 _aPA-C 632.951 S67
902 _aA
905 _a0000001902 [SL 0000000000 00
910 _a1902
942 _cPARA
942 _cPARA
_d1
999 _c199614
_d199614